Online
Catalog

Procederes : (Record no. 10465)

MARC details
000 -CABECERA
campo de control de longitud fija 00664nam a2200205 a 4500
001 - NÚMERO DE CONTROL
campo de control 000010710
005 - FECHA Y HORA DE LA ÚLTIMA TRANSACCIÓN
campo de control 20241010113234.0
008 - DATOS DE LONGITUD FIJA--INFORMACIÓN GENERAL
campo de control de longitud fija 091009s1978 dr 000 0 spa d
040 ## - FUENTE DE LA CATALOGACIÓN
Centro catalogador/agencia de origen DO-SdBNP
Lengua de catalogación spa
Centro/agencia transcriptor BNPHU
082 ## - NÚMERO DE LA CLASIFICACIÓN DECIMAL DEWEY
Número de clasificación 371.1
Número de documento/Ítem D814p
100 1# - ENTRADA PRINCIPAL--NOMBRE DE PERSONA
Nombre de persona Dubeau, José
9 (RLIN) 25919
245 10 - MENCIÓN DE TÍTULO
Título Procederes :
Resto del título guía para maestros /
Mención de responsabilidad, etc. José Dubeau ; prólogo Sebastián Rodríguez Lora.
260 ## - PUBLICACIÓN, DISTRIBUCIÓN, ETC.
Lugar de publicación, distribución, etc. Santo Domingo :
Nombre del editor, distribuidor, etc. Alfa y Omega,
Fecha de publicación, distribución, etc. 1978.
300 ## - DESCRIPCIÓN FÍSICA
Extensión 239 p. ;
Dimensiones 21 cm.
590 ## - NOTA LOCAL (RLIN)
Nota local Inventariado, 2018/VM
650 #0 - PUNTO DE ACCESO ADICIONAL DE MATERIA--TÉRMINO DE MATERIA
Término de materia o nombre geográfico como elemento de entrada Maestros
9 (RLIN) 17439
650 #0 - PUNTO DE ACCESO ADICIONAL DE MATERIA--TÉRMINO DE MATERIA
Término de materia o nombre geográfico como elemento de entrada Pedagogía
9 (RLIN) 693
700 12 - PUNTO DE ACCESO ADICIONAL--NOMBRE DE PERSONA
Nombre de persona Rodríguez Lora, Sebastián,
Término indicativo de función/relación pról.
9 (RLIN) 8611
910 ## - DATOS DE OPCIÓN DEL USUARIO (OCLC)
Datos de opción del usuario Validado. Control de calidad MFF
Holdings
Estado de retiro Estado de pérdida No para préstamo Código de colección Localización permanente Ubicación/localización actual Ubicación en estantería Fecha de adquisición Número de inventario Total de préstamos Signatura topográfica completa Código de barras Fecha visto por última vez Número de copia Precio válido a partir de Tipo de ítem Koha
  Extraviado Excluido de préstamo Patrimonio Dominicano Patrimonio Dominicano Patrimonio Dominicano Extraviado 09.10.2009 LF1   371.1 D814p 10710-20 25.06.2020 e. 2 25.06.2020 Libro y Folleto Colección Patrimonio Dominicano
    Excluido de préstamo Patrimonio Dominicano Patrimonio Dominicano Patrimonio Dominicano Depósito 09.10.2009 LF1   371.1 D814p 10710-10 25.06.2020   25.06.2020 Libro y Folleto Colección Patrimonio Dominicano

Powered by Koha